Academia : UNAM, difícil reforma (Record no. 61717)

MARC details
000 -CABECERA
campo de control de longitud fija 00587nam a2200229 a 4500
005 - FECHA Y HORA DE LA ÚLTIMA TRANSACCIÓN
campo de control 20210219152825.0
008 - ELEMENTOS DE LONGITUD FIJA--INFORMACIÓN GENERAL
campo de control de longitud fija 991125n 000 0 spa u
035 ## - NÚMERO DE CONTROL DEL SISTEMA
Número de control de sistema UPN01000062452
100 ## - ASIENTO PRINCIPAL--NOMBRE PERSONAL
Nombre de persona AYALA, Jose
222 ## - TÍTULO CLAVE
Título clave FORO UNIVERSITARIO
245 ## - MENCIÓN DE TÍTULO
Título Academia : UNAM, difícil reforma
300 ## - DESCRIPCIÓN FÍSICA
Extensión 5-11
362 ## - FECHAS DE PUBLICACIÓN Y/O DESIGNACIÓN SECUENCIAL
Fecha de publicación y/o designación secuencial 1987 2a época, no. 75, feb.
653 0# - TERMINO DE INDIZACION - NO CONTROLADO
Término no controlado ALUMNOS
653 0# - TERMINO DE INDIZACION - NO CONTROLADO
Término no controlado EDUCACION SUPERIOR
653 0# - TERMINO DE INDIZACION - NO CONTROLADO
Término no controlado MAESTROS
653 0# - TERMINO DE INDIZACION - NO CONTROLADO
Término no controlado MASIFICACION DE LA EDUCACION
653 0# - TERMINO DE INDIZACION - NO CONTROLADO
Término no controlado REFORMA UNIVERSITARIA
653 0# - TERMINO DE INDIZACION - NO CONTROLADO
Término no controlado UNAM
904 ## - ELEMENTOS DE DATOS D LOCAL, LDD (RLIN)
a AC
b 000263
905 ## - TIPO DE MATERIAL
Tipo de material Articulo

No items available.